Statistiques concernant Citation Star Wars (QCM)

Cliquez ici pour prendre le quiz!

Statistiques générales

  • Ce quiz a été pris 380 fois
  • Le résultat moyen est 5 sur 8

Statistiques - réponses

QuestionRéponse% Correct
"La peur est le chemin vers le côté obscur: la peur mène à la colère, le colère mène à la haine, la haine mène à _____".la souffrance
89%
"La force est très puissante dans _____".ma famille
79%
"Difficile à voir. Toujours en mouvement est _____".l'avenir
78%
"Nous devons garder foi en la République. Le jour où nous cessons de croire que _____ fonctionne est le jour où nous perdons."la démocratie
76%
"Fais le ou ne le fais pas. Mais il n’y a pas _____".d’essai
69%
"Tu ne peux pas empêcher que tout change, pas plus qu'on ne peut empêcher _____".les soleils de se coucher
62%
"Le côté obscur de la force est un chemin vers de nombreuses capacités que certains considèrent comme _____."non-naturelles
41%
"Vous êtes venus dans _____ ? Vous êtes plus braves que je ne le pensais."cette casserole
17%

Distribution des résultats

Percentile par nombre de réponses

% des personnes avec chaque résultat

Votre développement - résultats

Vous n’avez pas pris ce quiz